[Event "Wch U12 Girls"]
[Site "Batumi"]
[Date "2022.09.19"]
[Round "4"]
[White "Semenova, Vasilisa"]
[Black "Ismayilova, Khanim"]
[Result "0-1"]
[WhiteElo "1332"]
[BlackElo "1901"]
[PlyCount "130"]
[EventDate "2022.09.16"]
[EventType "swiss"]
[EventRounds "11"]
[EventCountry "GEO"]
[SourceTitle "EXT 2023"]
[Source "ChessBase"]
[SourceDate "2022.10.05"]
[SourceVersion "1"]
[SourceVersionDate "2022.10.05"]
[SourceQuality "1"]

1. d4 d5 2. c4 e6 3. Nc3 Nf6 4. cxd5 exd5 5. Bg5 Be7 6. e3 c6 7. Bd3 0-0 8. Nge2 Nbd7 9. 0-0 Re8 10. Qc2 Nf8 11. f3 g6 12. h3 Nh5 13. Bxe7 Rxe7 14. e4 Ne6 15. e5 b5 16. Qd2 Qb6 17. Qe3 f5 18. f4 Nhg7 19. g4 Nc7 20. gxf5 Bxf5 21. Rad1 Rf8 22. Kh2 Bxd3 23. Rxd3 Nce6 24. Ng3 Ref7 25. Nce2 g5 26. f5 Nxf5 27. Nxf5 Rxf5 28. Rxf5 Rxf5 29. Ng3 Rf4 30. Ne2 Rf8 31. Qg1 Qc7 32. Qg4 Qf7 33. Rg3 h5 34. Qh4 Qf2+ 35. Kh1 Qf7 36. Rxg5+ Nxg5 37. Qxg5+ Qg7 38. Qxg7+ Kxg7 39. Kg2 h4 40. Nc1 Rf5 41. Ne2 Kf7 42. Ng1 c5 43. Nf3 c4 44. a3 Rf4 45. Kf2 a5 46. Ke2 b4 47. axb4 axb4 48. Ng5+ Ke7 49. Ke3 Rf1 50. Kd2 Rf2+ 51. Kc1 Rf4 52. Kc2 Rxd4 53. Nf3 Rf4 54. Nd2 Rf2 55. Kc1 Rxd2 56. Kxd2 Ke6 57. Ke3 Kxe5 58. Kf3 c3 59. bxc3 b3 60. c4 b2 61. cxd5 b1Q 62. Kg2 Kf4 63. Kh2 Kf3 64. d6 Qf1 65. d7 Qg2# 0-1